000 00849nam a2200205 a 4500
001 000039201
005 20201002031537.0
008 130611s2004 dr 000 0 spa d
020 _a8400082273
040 _aDO-SdBNP
_bspa
_cBNPHU
100 1 _aDomínguez, César
_965389
245 1 3 _aEl concepto de materia en la teoría literaria del medievo :
_bcreación, interpretación y transtextualidad /
_cCésar Domínguez.
260 _aMadrid :
_bConsejo Superior de Investigaciones Científicas,
_c2004.
300 _a230 p. ;
_c24 cm.
490 1 _aAnejos de Revista de literatura
_v62
504 _aBibliografía : p. 213-230
504 _aIncluye referencias bibliográficas y notas al pie de las páginas
710 2 _aInstituto de la Lengua Española, (CSIC),
_965388
830 0 _aConsejo Superior de Investigaciones Científicas, ;
_v60
_963734
999 _c38691
_d38691